KOHA-Header-6

Working Capital Management And Control (Record no. 684)

000 -LEADER
fixed length control field 00326nam a2200121Ia 4500
008 - FIXED-LENGTH DATA ELEMENTS--GENERAL INFORMATION
fixed length control field 190722s9999 xx 000 0 und d
020 ## - INTERNATIONAL STANDARD BOOK NUMBER
International Standard Book Number 978-81-224-2835-3
100 ## - MAIN ENTRY--PERSONAL NAME
Personal name Satish B. Mathur
245 #0 - TITLE STATEMENT
Title Working Capital Management And Control
260 ## - PUBLICATION, DISTRIBUTION, ETC. (IMPRINT)
Place of publication, distribution, etc New Delhi
Name of publisher, distributor, etc New Age Int. Pub. Pvt. Ltd.
Date of publication, distribution, etc 2013
300 ## - PHYSICAL DESCRIPTION
Extent 514
942 ## - ADDED ENTRY ELEMENTS (KOHA)
Koha item type Books
Holdings
Withdrawn status Lost status Source of classification or shelving scheme Damaged status Not for loan Collection code Permanent Location Current Location Shelving location Date acquired Full call number Barcode Date last seen Price effective from Koha item type
          Finance MAJU MAJU Shelf No.B44 2019-07-22 658.1524 7310 2019-07-22 2019-07-22 Finance

Powered by Koha